Το ΚΚΕ έναντι του φασισμού και του πολέμου, 1934-1941 : οι απόψεις Παπαπαναγιώτου

Αποθηκεύτηκε σε:
Λεπτομέρειες βιβλιογραφικής εγγραφής
Κύριος συγγραφέας: Δάγκας, Αλέξανδρος, 1947-
Άλλοι συγγραφείς: Λεοντιάδης, Γιώργος, 1962-
Μορφή: Βιβλίο
Γλώσσα:Greek
Δημοσίευση: Αθήνα : Παπαζήσης, 2007
Θέματα:
Ετικέτες: Προσθήκη ετικέτας
Δεν υπάρχουν, Καταχωρήστε ετικέτα πρώτοι!

MARC

LEADER 00000cam a2200000 i 4500
001 1/53199
008 140812s2007 gr ||| | gre||
020 |a 9789600220797 
035 |l 10118638 
040 |a GR-MY-UA  |b gre  |e aacr 
041 0 |a gre 
082 0 |a 324.2495075  |2 (23) 
100 1 |a Δάγκας, Αλέξανδρος,   |d 1947- 
245 1 3 |a Το ΚΚΕ έναντι του φασισμού και του πολέμου, 1934-1941 :   |b οι απόψεις Παπαπαναγιώτου /   |c Αλέξανδρος Δάγκας, Γιώργος Λεοντιάδης. 
260 |a Αθήνα :   |b Παπαζήσης,   |c 2007 
300 |a 389 σ.;   |c 24 εκ. 
500 |a Περιλαμβάνει βιβλιογραφικές αναφορές. 
600 1 0 |a Παπαπαναγιώτου, Αλέκος. 
650 0 0 |a Communism  |z Greece  |x History  |x Sources. 
650 0 0 |a Communist parties  |z Greece  |x History  |x Sources. 
700 1 |a Λεοντιάδης, Γιώργος,   |d 1962- 
852 |a INST  |b LESVOS  |e 20140812  |h 324.2495075 ΔΑΓ  |p 005100054862  |q 005100054862  |t BK  |y 0 
901 |a BIBL1-2014-2 
909 |a Λ  |b 190012 
922 |a 1ΕΛΗ  |b 201406  |c ΒΙΒΛΙΟΘΗΚΗ  |d ΙΩΑΝΝΙΔΟΥ 
970 |a ΤΖΑΦΕΡΗ  |b ΕΥΑΓΓΕΛΙΑ  |z 2014/08/13